00527 2200193 4500001002100000008004100021035001900062245007500081100001100156260003000167300002400197084001700221082000700238650002000245990001700265990001700282990001700299990001700316INLIS000000000011478 ind $a 0010-0721000318$a Kisah Legenda Putri Cinderella dan Dongeng Populer Lainnya / $c Puput M$a Puput M$a Surabaya $b Cahaya Agency $a 128 hlm. ; $c 23 cm.$a 398.27 Pup k1$a 398$a kumpulan dongeng$a 32729/pb/2020$a 32730/pb/2020$a 32731/pb/2020$a 32732/pb/2020